000 00725nam a2200265Ia 4500
003 OSt
005 20220912151449.0
006 a|||||r|||| 00| 0
007 ta
008 220909b |||||||| |||| 00| 0 eng d
024 _a26402
037 _cTextual
040 _aCSL
_beng
_cCSL
041 _aeng
082 _aB281p1, N88, M8
100 _aAzema J Ed.
245 0 _aSeminaire de probabilities XXII
260 _aBerlin
_bSpringer-verlag
_c1988
300 _a599p.
_ccm.
490 _aLecture notes in mathematics; 1321
700 _a Meyer P A Ed.
700 _a Yor M Ed.
942 _hB281p1, N88, M8
_cTEXL
_2CC
999 _c69119
_d69119